000 00971nmm a2200313 a 4500
001 ocm000708976
003 TR-IsHL
005 20201028142738.0
008 140118s2006 tu tur
007 cr cn
020 _a9789756346600
035 _a708976
_b(N$T)
050 0 4 _aB741
_b.Y83 2006
090 0 4 _aB741
_b.Y83 2006
100 1 _aYüceer, İsa
245 1 0 _aKelâm felsefe uzlaşması
_h[electronic resource] /
_cİsa Yüceer
260 _aKonya :
_bTablet Kitabevi,
_c2006
300 _a388 p.
650 4 _aFelsefe, Psikoloji ve Din
650 4 _aPhilosophy, Psychology and Religion
650 0 _aPhilosophy, Islamic.
650 0 _aFelsefe, İslam.
650 0 _aPhilosophy
_xHistory.
650 0 _aFelsefe
_x Tarih.
650 0 _aIslam
_xDoctrines.
650 0 _aİslam
_x Doktrinler.
650 7 _aPHILOSOPHY / Religious
_2bisacsh
856 4 0 _uhttp://search.ebscohost.com/login.aspx?direct=true&scope=site&db=e011xww&AN=708976
999 _c8522
_d8522